| 000 | 00460nam a2200181 i 4500 | ||
|---|---|---|---|
| 001 | bg | ||
| 100 | 1 | _aMETZGER, Daniel | |
| 245 | 0 |
_a22 microcomputer projects to build, use and learn / _cDaniel Metzger. |
|
| 260 |
_aEnglewood Cliffs : _bPrentice-Hall, _c1985. |
||
| 650 | 9 | _aKomputery | |
| 020 | _a0139347127 | ||
| 040 | _cBPK | ||
| 041 | _apol | ||
| 080 | _a004 | ||
| 920 | _a0-13-934712-7 | ||
| 942 | _cKS | ||
| 008 | s pl f |000 0 pol | ||
| 999 |
_c23774 _d23774 |
||
| 856 |
_uhttp://koha.tu.koszalin.pl/cgi-bin/koha/opac-detail.pl?biblionumber=23774 _yKatalog online BPK |
||